| 000 | 00985nam a22002535i 4500 | ||
|---|---|---|---|
| 001 | 162386 | ||
| 003 | ES-MaACL | ||
| 005 | 20230906212519.0 | ||
| 008 | 041108s1838 fr |||| | fre d | ||
| 040 |
_aCAM _bspa _cCAM |
||
| 100 | 0 |
_aPolibio. _992820 |
|
| 245 | 1 | 0 |
_aOuvrages historiques de Polybe, Hérodien et Zozime / _cavec une notice biographique par J.A.C. Buchon. |
| 260 |
_aParis : _bAuguste Desrez, imprimeur-éditeur, _c1838. |
||
| 300 |
_aXIV, [2], 768 p. ; _c27 cm. |
||
| 490 | 1 | _aPanthéon littéraire. Littérature française [i.e. grecque]. Histoire | |
| 651 | 4 |
_aRoma- _xHistoria- _y510-30 a. C., República. _99313 |
|
| 651 | 4 |
_aRoma- _xHistoria- _y30 a.C.-476 d.C., Imperio. _99319 |
|
| 700 | 0 |
_aHerodoto. _963126 |
|
| 700 | 0 |
_aZosimus. _9118366 |
|
| 700 | 1 |
_aBuchon, Jean-Alexandre. _9126221 |
|
| 830 | 0 |
_aPanthéon littéraire. Littérature française [i.e. grecque]. Histoire _9222192 |
|
| 852 |
_aES-MaACL _jG-13980 _z-- Enc. hol |
||
| 999 |
_c162386 _d162386 |
||